Joshua / (Record no. 653)
[ view plain ]
| 000 -LEADER | |
|---|---|
| fixed length control field | 01235cam a2200337 a 4500 |
| 001 - CONTROL NUMBER | |
| control field | 13198605 |
| 003 - CONTROL NUMBER IDENTIFIER | |
| control field | GBCCL |
| 005 - DATE AND TIME OF LATEST TRANSACTION | |
| control field | 20241126110343.0 |
| 008 - FIXED-LENGTH DATA ELEMENTS--GENERAL INFORMATION | |
| fixed length control field | 030515s2002 tnu b 000 0 eng d |
| 010 ## - | |
| -- | 2003544763 |
| 020 ## - INTERNATIONAL STANDARD BOOK NUMBER | |
| International Standard Book Number | 0805494642 |
| 035 ## - SYSTEM CONTROL NUMBER | |
| System control number | (OCoLC)ocm51451501 |
| 040 ## - CATALOGING SOURCE | |
| Original cataloging agency | TNE |
| Transcribing agency | TNE |
| Modifying agency | DLC |
| 042 ## - | |
| -- | lccopycat |
| 050 00 - | |
| -- | BS1295.53 |
| -- | .G36 2002 |
| 082 00 - DEWEY DECIMAL CLASSIFICATION NUMBER | |
| Classification number | 221.7 |
| Edition information | 22 |
| Item number | HOL |
| 100 1# - MAIN ENTRY--PERSONAL NAME | |
| Personal name | Gangel, Kenneth O. |
| 245 10 - TITLE STATEMENT | |
| Title | Joshua / |
| Statement of responsibility, etc. | general editor, Max Anders; author, Kenneth O. Gangel. |
| 260 ## - PUBLICATION, DISTRIBUTION, ETC. | |
| Place of publication, distribution, etc. | Nashville, Tenn. : |
| Name of publisher, distributor, etc. | Broadman & Holman, |
| Date of publication, distribution, etc. | c2002. |
| 300 ## - PHYSICAL DESCRIPTION | |
| Extent | xiii, 328 p. ; |
| Dimensions | 25 cm. |
| 440 #0 - SERIES STATEMENT/ADDED ENTRY--TITLE | |
| Title | Holman Old Testament commentary ; |
| Volume/sequential designation | v. 4 |
| 440 #0 - SERIES STATEMENT/ADDED ENTRY--TITLE | |
| Title | Holman reference |
| 504 ## - BIBLIOGRAPHY, ETC. NOTE | |
| Bibliography, etc. note | Includes bibliographic references (p. 327-328). |
| 630 00 - SUBJECT ADDED ENTRY--UNIFORM TITLE | |
| Uniform title | Bible. |
| Name of part/section of a work | Joshua |
| Form subdivision | Commentaries. |
| 700 1# - ADDED ENTRY--PERSONAL NAME | |
| Personal name | Anders, Max E., |
| Dates associated with a name | 1947- |
| 856 41 - ELECTRONIC LOCATION AND ACCESS | |
| Materials specified | Table of contents |
| Uniform Resource Identifier | <a href="http://www.loc.gov/catdir/toc/fy042/2003544763.html">http://www.loc.gov/catdir/toc/fy042/2003544763.html</a> |
| 856 42 - ELECTRONIC LOCATION AND ACCESS | |
| Materials specified | Publisher description |
| Uniform Resource Identifier | <a href="http://www.loc.gov/catdir/enhancements/fy1003/2003544763-d.html">http://www.loc.gov/catdir/enhancements/fy1003/2003544763-d.html</a> |
| 906 ## - LOCAL DATA ELEMENT F, LDF (RLIN) | |
| a | 7 |
| b | cbc |
| c | copycat |
| d | 2 |
| e | ncip |
| f | 20 |
| g | y-gencatlg |
| 942 ## - ADDED ENTRY ELEMENTS (KOHA) | |
| Source of classification or shelving scheme | Dewey Decimal Classification |
| Koha item type | Reference Books |
| Withdrawn status | Lost status | Source of classification or shelving scheme | Damaged status | Not for loan | Home library | Current Library | Shelving location | Date acquired | Total checkouts | Full call number | Barcode | Date last seen | Copy number | Price effective from | Koha item type | Source of acquisition | Cost, normal purchase price | Cost, replacement price |
|---|---|---|---|---|---|---|---|---|---|---|---|---|---|---|---|---|---|---|
| Dewey Decimal Classification | GRACE BIBLE COLLEGE | GRACE BIBLE COLLEGE | Commentary | 2017-01-11 | 221.7 HOL | 012474 | 2025-05-01 | v.4 c.1 | 2017-01-11 | Reference Books | ||||||||
| Dewey Decimal Classification | GRACE BIBLE COLLEGE | GRACE BIBLE COLLEGE | Commentary | 2018-10-01 | 221.7 HOL | 014851 | 2025-05-01 | v.4 v.2 | 2018-10-01 | Reference Books | 7 | 1050.00 | 1400.00 |